Music To Be Murdered By Songs - Statistics

General Stats
  • This quiz has been taken 200 times
  • The average score is 14 of 20
Answer Stats
Type Answer Feat % Correct
Song Godzilla Juice WRLD
96%
Interlude Alfred
79%
Outro Alfred
79%
Song Those Kinda Nights Ed Sheeran
79%
Song Leaving Heaven Skylar Grey
74%
Song Unaccommodating Young M.A
74%
Song Yah Yah Royce Da 5'9", Black Thought, Q-Tip, Denaun
73%
Song You Gon' Learn Royca Da 5'9", White Gold
73%
Song I Will KXNG Crooked, Royce Da 5'9", Joell Ortiz
72%
Intro Stepdad
69%
Song Stepdad
69%
Song Lock It Up Anderson .Paak
68%
Intro Premonition
68%
Song No Regrets Don Toliver
66%
Song Marsh
64%
Song Darkness
62%
Song Little Engine
60%
Song Farewell
57%
Song In Too Deep
56%
Song Never Love Again
55%
No matching quizzes found
Score Distribution
Percent of People with Each Score
Percentile by Number Answered
Your Score History
You have not taken this quiz